WERNER HEGEMANN AND THE SEARCH FOR UNIVERSAL URBANISM (Record no. 10534)
[ view plain ]
| 000 -LEADER | |
|---|---|
| fixed length control field | 00259nam a2200097Ia 4500 |
| 008 - FIXED-LENGTH DATA ELEMENTS--GENERAL INFORMATION | |
| fixed length control field | 220318s9999 xx 000 0 und d |
| 020 ## - INTERNATIONAL STANDARD BOOK NUMBER | |
| International Standard Book Number | 9780393731569 |
| 100 ## - MAIN ENTRY--PERSONAL NAME | |
| Personal name | COLLINS |
| 245 #0 - TITLE STATEMENT | |
| Title | WERNER HEGEMANN AND THE SEARCH FOR UNIVERSAL URBANISM |
| 260 ## - PUBLICATION, DISTRIBUTION, ETC. | |
| Place of publication, distribution, etc. | COLLINS |
| Withdrawn status | Lost status | Source of classification or shelving scheme | Damaged status | Not for loan | Permanent Location | Current Location | Date acquired | Source of acquisition | Cost, normal purchase price | Full call number | Barcode | Date last seen | Cost, replacement price | Price effective from | Koha item type |
|---|---|---|---|---|---|---|---|---|---|---|---|---|---|---|---|
| BMS College of Architecture, Design and Planning | BMS College of Architecture, Design and Planning | 2022-03-28 | 6 | 2754.50 | 307.1/COL | AR-UG2629 | 2022-05-16 | 3935.00 | 2022-05-16 | UG Books |